Statistics for Countries with an H

Click here to take the quiz!

General Stats

  • This quiz has been taken 2,118 times
    (2,099 since last reset)
  • The average score is 23 of 31

Answer Stats

Answer% Correct
Honduras
95%
Hungary
93%
Haiti
92%
China
87%
South Korea
86%
Chile
84%
South Africa
83%
Afghanistan
81%
Bhutan
81%
Kazakhstan
80%
South Sudan
80%
Thailand
79%
Bahrain
77%
North Korea
77%
Ghana
76%
Chad
75%
Netherlands
75%
Ethiopia
73%
Bahamas
72%
Philippines
72%
Bangladesh
71%
Lithuania
71%
Liechtenstein
69%
Bosnia and Herzegovina
67%
Czech Republic
66%
Lesotho
65%
Seychelles
65%
Marshall Islands
64%
Democratic Republic of the Congo
43%
Republic of the Congo
43%
Saint Vincent and the Grenadines
33%

Score Distribution

Percentile by Number Answered

Percent of People with Each Score

Your Score History

You have not taken this quiz since the last reset